|
|
|
|
| LEADER |
00000cas a2200000 i 4500 |
| 005 |
20141105140423.0 |
| 007 |
cr|||| |||| |
| 008 |
091016c20049999bl qr p s 000 a0eng d |
| 022 |
|
|
|a 1807-7692
|
| 035 |
|
|
|a 5991
|
| 040 |
|
|
|a BUS
|d vLex
|
| 090 |
|
|
|c 5274
|d 5274
|
| 210 |
0 |
|
|a BAR
|
| 245 |
0 |
0 |
|a Brazilian Administration Review
|h [Recurso electrn̤ico]
|
| 256 |
|
|
|a Servicio en ln̕ea
|
| 260 |
|
|
|a RƯ̕o de Janeiro :
|b Ed. ANPAD - Associacao Nacional de Pos-Graduacao e Pesquisa em Administracao
|c 2011 -
|
| 300 |
|
|
|a 1 recurso electrn̤ico
|
| 310 |
|
|
|a Trimestral.
|
| 506 |
0 |
|
|a Contenido disponible en los productos indicados
|d vLex Global
|d vLex Global (Academic Edition, excluding Law Schools)
|d vLex Global (Academic Edition, Law Schools)
|
| 650 |
0 |
4 |
|a Gestin̤
|z Brasil
|x Publicaciones perid̤icas.
|
| 650 |
0 |
4 |
|a Negocios
|z Brasil
|x Publicaciones perid̤icas.
|
| 710 |
2 |
|
|a Associacao Nacional de Pos-Graduacao e Pesquisa em Administracao (Brazil)
|
| 740 |
0 |
|
|a vLex Revistas (Servicio en ln̕ea)
|
| 856 |
4 |
0 |
|u http://vlex.com/source/brazilian-administration-review-bar-5991
|z Acceso restringido
|
| 942 |
|
|
|c REV
|
| 999 |
0 |
|
|a Management -- Brasil
|